000 00702 a2200217 4500
020 _a8177581899
_c350.00
035 _aB-194420
037 _bRP-ZLS-2662 / PANSY-06-07:11 / RP-06-07:ENG
082 _a658.1
090 _c2625
_d2625
100 1 _aRobbins, Stephen P.
245 1 _aOrganizational behavior
_cby Stephen P. Robbins, Seema Sanghi
250 _a11th ed.
260 _aDelhi
_bDorling Kindersley
_c2006
270 _a482, F.I.E. Patparganj
_cDelhi
_e110092
300 _axxiv, 622 p
_c28 cm (pbk)
500 _aIncludes index
700 _aSanghi, Seema
942 _adpl
_cEN
_k658.1 / ROB
999 _c2582
_d2582